| 000 | 00409cam a2200169ua 4500 | ||
|---|---|---|---|
| 020 | _cRs 2.00 | ||
| 041 |
_ahin _h |
||
| 082 |
_a891.54 _bSWE/JA |
||
| 100 | _aSweet , Marden. | ||
| 245 |
_aJaisa chaho vaisa bano / _cSweet Marden. _hTextual Documents |
||
| 260 |
_a : _bHindi Prakat Buvasi , _c1962. |
||
| 300 | _a166 ; . | ||
| 365 | _aRs 2.00 | ||
| 504 | _a | ||
| 942 | _cBK | ||
| 999 |
_c2635 _d2635 |
||